Sudoku - poziom łatwy - Statystyki

Ogólne statystyki
  • Ten quiz został rozwiązany 25 razy
  • Średni wynik to 38 z 43
Statystyki odpowiedzi
Odpowiedź % Poprawnych
1
100%
3
100%
4
100%
5
100%
6
100%
6
100%
7
100%
8
100%
8
100%
1
95%
2
95%
3
95%
4
95%
5
95%
6
95%
6
95%
8
95%
1
91%
4
91%
4
91%
5
91%
7
91%
7
91%
8
91%
9
91%
9
91%
9
91%
2
86%
7
86%
8
86%
9
86%
9
86%
2
82%
5
77%
8
77%
5
73%
1
68%
1
68%
1
68%
7
68%
7
68%
7
64%
8
64%
Nie znaleziono quizów pasujących do podanych kryteriów
Rozkład punktacji
Procent ludzi z każdym wynikiem
Percentyl według liczby udzielonych odpowiedzi
Twoja historia wyników
Nie rozwiązałeś tego quizu